K dějinám špitálu v České Lípě

Titel: K dějinám špitálu v České Lípě
Verfasser:
In: Bezděz, Band 8 (1999), Seite 35-50
alle Artikel anzeigen
Veröffentlicht: 1999
Format: Aufsatz
Sprache: Tschechisch
Kein Bild verfügbar
X
alg: 39310806
001A    $01999:11-11-16 
001B    $01999:28-04-17 $t15:33:08.000 
001C    $06050:19-11-16 $t22:31:01.000 
001D    $01999:11-11-16 
001U    $0utf8 
001X    $00 
002@    $0Aox 
003@    $0393108066 
007A    $0393108066 $aHEB 
007T    $0Herdp16773 
010@    $acze 
011@    $a1999 
021A    $aK dějinám špitálu v České Lípě 
028A    $7123678951 $8Panáček, Jaroslav$Z1948- [Tp3] $9154532517 
031A    $d8 $h35-50 $j1999 
037A    $aRés. něm. s. 49: Zur Geschichte des Spitals in Česká Lípa 
039B    $aIn $8--Abvc--. Bezděz. - Česká Lípa, 1990-. - ISSN 1211-9172 $x199900000080000965 $905908720X 
045T    $a7,41 

lok: 39310806 78

exp: 39310806 78 1 #EPN
201B/01 $002-07-21 $t00:06:34.000 
201U/01 $0utf8 
203@/01 $0789218380 
208@/01 $a11-11-16 $be 
209A/01 $a/ $f000 $x00 
220C/01 $aHerkunft: Hú Av Čr Praha 
244Z/01 $#Tschechien $#Tschechische Republik $#Tschechische Republik $#Tschechenland $#Tschechei Tschechien $#Česká Republika $#Czech Republic $#ČR $74303381-7 $8--Tg1--Tschechien $x01 $9086659812 
244Z/01 $2Trx $#Böhmen $#Bohemia $#Czechy $8--Trx--Čechy $x02 $9391188941 
244Z/01 $7117945-7 $8--Tg1--Česká Lípa $x03 $9040686248 
244Z/01 $2Trx $#Neustadtl Böhmisch Leipa $8--Trx--Jezvé$gČeská Lípa $x04 $9391246739 
244Z/01 $#Okres Česká Lípa $#Česká Lípa, Okresní Úřad Okres $#Okresní Úřad Česká Lípa, Okres $#Česká Lípa, Kreisamt Okres $#Kreisamt Česká Lípa, Okres $710180096-4 $8--Tg1--Česká Lípa$gOkres $x05 $9190247541 
244Z/01 $aGeschichte 1352-1787 $x06 
244Z/01 $2Trx $#hospitalid 13.-18. saj. $#ligoninės XIII-XVIII a. $#hospitals 13th-18th centuries $#kórházak XIII.-XVIII. század $#szpitale XIII-XVIII w. $#špitále XIII-XVIII v. $#špitály 13.-18. stol. $8--Trx--Hospitäler$g13.-18. Jh. $x07 $9391362623 
244Z/01 $2Trx $#hospitalid 13.-18. saj. $#ligoninės XIII-XVIII a. $#hospitals 13th-18th centuries $#kórházak XIII.-XVIII. század $#szpitale XIII-XVIII w. $#špitále XIII-XVIII v. $#špitály 13.-18. stol. $8--Trx--Hospitäler$g13.-18. Jh. $x08 $9391362623 
244Z/01 $2Trx $#ordud tsistertslased $#ordinas cistersų $#order Cistercians $#szerzetesrendek Ciszterci szerzetesek $#zakony, cystersi $#rád, cisterciáni $#řád, cisterciáci $#Zisterzienser $#cystersi $#cicterciáni $8--Trx--Orden$gZisterzienser $x09 $9391379240 
244Z/01 $2Trx $8--Trx--Zeitschriftenaufsatz $x10 $9391384341 
247C/01 $82080>Marburg/Lahn, Herder-Institut, Forschungsbibliothek, Bibliographieportal $9336309341
LEADER 00000caa a22000002c 4500
001 393108066
003 DE-603
005 20170428153308.0
007 tu
008 161111s1999 xx |||| | u00||u|cze c
035 |a (DE-599)HEB393108066 
040 |a DE-603  |b ger  |c DE-603  |d DE-603 
041 |a cze 
084 |a 7,41  |2 ssgn 
100 1 |a Panáček, Jaroslav  |d 1948-  |0 (DE-603)154532517  |0 (DE-588)123678951  |2 gnd 
245 0 0 |a K dějinám špitálu v České Lípě 
264 0 |c 1999 
500 |a Rés. něm. s. 49: Zur Geschichte des Spitals in Česká Lípa 
773 0 8 |i In  |t Bezděz  |d Česká Lípa, 1990-  |x 1211-9172  |g Band 8 (1999), Seite 35-50  |w (DE-603)05908720X  |w (DE-600)1136222-4 
924 0 |9 2080  |a (DE-603)789218380  |b DE-2080  |c HES  |d d  |g /